Statistiken für Bekannte Persönlichkeiten aus Hamburg

Klicken Sie hier um das Quiz zu spielen!

Allgemein

  • Dieses Quiz wurde 134 mal gespielt
  • Das Durchschnittsergebnis liegt bei 9 aus 20

Antwortstatistiken

GeburtsjahrGeburtsortHinweisPerson% Korrekt
1918BarmbekVon 1974 bis 1982 fünfter BundeskanzlerHelmut Schmidt
86%
1933HamburgModedesigner mit SonnenbrilleKarl Lagerfeld
82%
1936HamburgFußballer, Mittelstürmer beim HSV, Ehrenspielführer der NationalelfUwe Seeler
81%
1803NeustadtArchitekt und Kunsttheoretiker, Namensgeber der Dresdner OperGottfried Semper
62%
1947HamburgMusiker, hauptsächlich bekannt durch seine KinderliederRolf Zuckowski
62%
1914NeustadtVolksschauspielerin und Sängerin, oftmals am Ohnsorg-Theater aufgetretenHeidi Kabel
54%
1965PoppenbüttelFernsehmoderator, hauptsächlich bekannt durch QuizsendungenJörg Pilawa
54%
1891St. Georg"Blonder Hans", Schauspieler in Stumm- und TonfilmenHans Albers
51%
1960Barmbekehemaliger Fußballer, verwandelte im WM-Finale 1990 den entscheidenden ElfmeterAndreas Brehme
49%
1936HamburgPolitischer Liedermacher und Lyriker, 1976 aus der DDR ausgebürgertWolf Biermann
47%
1942HamburgSchauspielerin und Synchronsprecherin, oftmals an der Seite von Loriot zu sehenEvelyn Hamann
42%
1968HamburgSchauspieler ("Die Welle", "Kleine Haie")Jürgen Vogel
38%
1976EppendorfHip-Hop-Musiker, Solokünstler und Mitglied der Gruppe "Beginner"Jan Delay
37%
1980HamburgDancemusik-Sängerin, erfolgreichste deutsche Solokünstlerin der 1990er-JahreBlümchen (Jasmin Wagner)
29%
1833HamburgKomponist der HochromantikJohannes Brahms
24%
1857HamburgPhysiker, Entdecker elektromagnetischer Wellen, Namensgeber einer physikalischen EinheitHeinrich Hertz
22%
1942HamburgTheater- und Filmschauspielerin (u.a. "Bella Block")Hannelore Hoger
21%
1921EppendorfSchriftsteller, der vor allem mit Kurzgeschichten und Gedichten zur Nachkriegszeit erfolgreich wurde (u.a. "Nachts schlafen die Ratten doch")Wolfgang Borchert
14%
1970HamburgJournalistin und Fernsehmoderatorin (ehemals Sportschau)Monica Lierhaus
13%
1923BarmbekOrchesterleiter und Komponist, als erster Deutscher Nr. 1 in den US-amerikanischen Single-Charts ("Wonderland by Night")Bert Kaempfert
6%

Verteilung der Resultate

Perzentil nach korrekt beantworteten Fragen

Anzahl Personen mit jedem Resultat

Ihre Resultats-Entwicklung

Sie haben dieses Quiz noch nicht gespielt